[Event "World Youth Boys U16 2014"]
[Site "Durban RSA"]
[Date "2014.09.27"]
[Round "9.10"]
[White "Christiansen, Johan-Sebastian"]
[Black "Rakotomaharo, Fy Antenaina"]
[Result "1/2-1/2"]
[BlackTitle "CM"]
[WhiteElo "2233"]
[BlackElo "2286"]
[WhiteFideId "1512668"]
[BlackFideId "13100050"]
[EventDate "2014.09.20"]

1. Nf3 Nf6 2. c4 c6 3. g3 d5 4. Bg2 dxc4 5. O-O b5 6. a4 Bb7 7. b3 e6 8. bxc4 b4
9. Bb2 c5 10. d3 Nbd7 11. e4 Qc7 12. Qe2 Rd8 13. Nbd2 Ng4 14. e5 h5 15. h3 Nh6
16. Ne4 Nf5 17. g4 hxg4 18. hxg4 Nd4 19. Nxd4 cxd4 20. f4 Bxe4 21. Qxe4 g5 22.
f5 Qxe5 23. fxe6 fxe6 24. Qg6+ Ke7 25. Rae1 Qh2+ 26. Kf2 Qf4+ 27. Kg1 Qh2+ 28.
Kf2 Qf4+ 29. Kg1 Qh2+ 30. Kf2 Qf4+ 1/2-1/2

[Event "World Youth Boys U16 2014"]
[Site "Durban RSA"]
[Date "2014.09.27"]
[Round "9.11"]
[White "Kaczur, Florian"]
[Black "Litvinov, Maxim"]
[Result "0-1"]
[WhiteElo "2278"]
[BlackElo "2211"]
[WhiteFideId "705098"]
[BlackFideId "24157449"]
[EventDate "2014.09.20"]

1. e4 e5 2. Nf3 Nc6 3. Bb5 a6 4. Ba4 Nf6 5. O-O Be7 6. Qe2 b5 7. Bb3 O-O 8. c3
d6 9. d4 Bg4 10. Rd1 Qc8 11. h3 Bh5 12. a4 Qb7 13. d5 Na5 14. Bc2 c6 15. dxc6
Qxc6 16. g4 Bg6 17. Bg5 h6 18. Bxf6 Bxf6 19. Rd5 Nc4 20. b3 Nb6 21. axb5 Qd7 22.
Rd1 axb5 23. Na3 d5 24. Nxb5 Rxa1 25. Rxa1 dxe4 26. Ne1 Nd5 27. Rd1 Qe6 28. Qc4
Nf4 29. Qxe6 fxe6 30. Kh2 Bh4 0-1

[Event "World Youth Boys U16 2014"]
[Site "Durban RSA"]
[Date "2014.09.27"]
[Round "9.12"]
[White "Dragnev, Valentin"]
[Black "Wu, Christopher"]
[Result "1-0"]
[WhiteElo "2151"]
[BlackElo "2274"]
[WhiteFideId "1634852"]
[BlackFideId "2040875"]
[EventDate "2014.09.20"]

1. e4 c5 2. d4 cxd4 3. Nf3 d6 4. Nxd4 Nf6 5. Nc3 g6 6. Be3 Bg7 7. f3 O-O 8. Qd2
Nc6 9. O-O-O d5 10. Kb1 Rb8 11. Ndb5 a6 12. Na7 e6 13. f4 Re8 14. e5 Nd7 15. h4
Ra8 16. Nxc8 Rxc8 17. h5 Nf8 18. g4 f6 19. hxg6 hxg6 20. Bg2 fxe5 21. Nxd5 exf4
22. Bxf4 Ne7 23. Bh6 exd5 24. Bxg7 Kxg7 25. Rdf1 Ng8 26. Bxd5 Ne6 27. Bxe6 Rxe6
28. Rh7+ 1-0

[Event "World Youth Boys U16 2014"]
[Site "Durban RSA"]
[Date "2014.09.27"]
[Round "9.13"]
[White "Maslov, Ivan"]
[Black "Nastase, Robert-Paul"]
[Result "1/2-1/2"]
[WhiteElo "2095"]
[BlackElo "2255"]
[WhiteFideId "24169820"]
[BlackFideId "1221175"]
[EventDate "2014.09.20"]

1. Nf3 Nf6 2. c4 g6 3. Nc3 d5 4. d4 Bg7 5. Qb3 dxc4 6. Qxc4 O-O 7. e4 a6 8. Qb3
c5 9. dxc5 Nbd7 10. Qa3 Qc7 11. Be3 Ng4 12. Bg5 f6 13. Bd2 Qxc5 14. Qxc5 Nxc5
15. h3 Nh6 16. Be3 b6 17. Bc4+ Kh8 18. Rd1 Nd7 19. Nd5 b5 20. Nc7 Rb8 21. Bb3
Nb6 22. Bc5 Ng8 23. Nd4 Nd7 24. Bb4 Ne5 25. Bxg8 Kxg8 26. f4 Nc4 27. Nc6 Rb7 28.
Nxe7+ Kf7 29. Ned5 Rd8 30. b3 Ne3 31. Nxe3 Rxd1+ 32. Nxd1 Rxc7 33. O-O Bb7 34.
Nc3 Bf8 35. Bxf8 Rxc3 36. Bb4 Rc2 37. Rf2 1/2-1/2

[Event "World Youth Boys U16 2014"]
[Site "Durban RSA"]
[Date "2014.09.27"]
[Round "9.14"]
[White "Tica, Sven"]
[Black "Ahmed, Fareed"]
[Result "1-0"]
[WhiteElo "2246"]
[BlackElo "1929"]
[WhiteFideId "14526948"]
[BlackFideId "9303677"]
[EventDate "2014.09.20"]

1. Nf3 Nf6 2. c4 c5 3. Nc3 e6 4. g3 b6 5. Bg2 Bb7 6. O-O Be7 7. Re1 d6 8. e4 Nc6
9. d4 Nxd4 10. Nxd4 cxd4 11. Qxd4 O-O 12. b3 Qc7 13. Bb2 a6 14. Rad1 Bc6 1-0

[Event "World Youth Boys U16 2014"]
[Site "Durban RSA"]
[Date "2014.09.27"]
[Round "9.15"]
[White "Song, Edward"]
[Black "Petr, Jan2"]
[Result "1-0"]
[WhiteElo "2323"]
[BlackElo "2140"]
[WhiteFideId "2051192"]
[BlackFideId "345784"]
[EventDate "2014.09.20"]

1. Nf3 Nf6 2. c4 g6 3. Nc3 Bg7 4. e4 d6 5. d4 O-O 6. Be2 e5 7. O-O Nc6 8. d5 Ne7
9. b4 Ne8 10. c5 f5 11. Nd2 f4 12. Nc4 g5 13. a4 Nf6 14. h3 Ng6 15. Ba3 Rf7 16.
b5 Bf8 17. b6 axb6 18. cxb6 cxb6 19. Rb1 g4 20. hxg4 f3 21. Bxf3 Nf4 22. Ne3 Rg7
23. Bc1 h5 24. gxh5 N6xh5 25. Bxh5 Qh4 26. Ng4 Nxh5 27. Nh6+ Kh7 28. Qf3 Be7 29.
Ne2 Bh3 30. g3 Bxf1 31. Kxf1 Qh3+ 32. Ke1 Rf8 33. Nf5 Rgf7 34. Ng1 Qh2 35. Kf1
Ng7 36. g4 Nxf5 37. exf5 Bh4 38. Be3 Rc8 39. g5 Bxg5 40. Bxg5 Rg7 41. Qh3+ Qxh3+
42. Nxh3 Rc3 43. Be3 Rd3 44. Ng5+ Kg8 45. Rc1 Rd7 46. f6 Rd8 47. f7+ Kh8 48. Ne6
Ra8 49. f8=Q+ Kh7 50. Qg7# 1-0

[Event "World Youth Boys U16 2014"]
[Site "Durban RSA"]
[Date "2014.09.27"]
[Round "9.16"]
[White "Tasci, Onur"]
[Black "Vorontsov, Pavlo"]
[Result "0-1"]
[BlackTitle "FM"]
[WhiteElo "2028"]
[BlackElo "2397"]
[WhiteFideId "6322182"]
[BlackFideId "14116367"]
[EventDate "2014.09.20"]

1. e4 c5 2. Nf3 d6 3. d4 cxd4 4. Nxd4 Nf6 5. Nc3 a6 6. Bg5 Nbd7 7. f4 Qb6 8. a3
e5 9. Nb3 Be7 10. Qd2 h6 11. fxe5 dxe5 12. Be3 Qc7 13. Nd5 Nxd5 14. exd5 Nf6 15.
O-O-O Ng4 16. Kb1 Nxe3 17. Qxe3 O-O 18. c4 b6 19. Be2 f5 20. Rhe1 Bd6 21. g3 Bd7
22. Rc1 Rac8 23. c5 bxc5 24. Bxa6 Rb8 25. Bc4 Kh8 26. Nd2 e4 27. Bb3 f4 28. Qc3
Be5 29. Qxc5 Qxc5 30. Rxc5 e3 31. Nf3 Bf6 32. Bc2 Rxb2+ 33. Kc1 Ra2 34. Be4 0-1

[Event "World Youth Boys U16 2014"]
[Site "Durban RSA"]
[Date "2014.09.27"]
[Round "9.17"]
[White "Sosa, Tomas ARG"]
[Black "Gajek, Radoslaw"]
[Result "1/2-1/2"]
[BlackTitle "FM"]
[WhiteElo "2275"]
[BlackElo "2393"]
[WhiteFideId "121576"]
[BlackFideId "1125893"]
[EventDate "2014.09.20"]

1. e4 c5 2. Nf3 e6 3. d4 cxd4 4. Nxd4 a6 5. Nc3 Qc7 6. Bd3 Nf6 7. O-O Bc5 8. Nb3
Be7 9. f4 d5 10. Qf3 Nbd7 11. Bd2 b6 12. Rac1 Bb7 13. Qe2 e5 14. Kh1 h5 15. Nd1
Bc6 16. Nf2 Qb7 17. fxe5 dxe4 18. Nh3 a5 19. a3 a4 20. Na1 Nc5 21. Ng5 h4 22.
Rf4 h3 23. Rh4 Rxh4 24. Nxh3 Nfd7 25. Bb5 Bxb5 1/2-1/2

[Event "World Youth Boys U16 2014"]
[Site "Durban RSA"]
[Date "2014.09.27"]
[Round "9.18"]
[White "Gazik, Viktor"]
[Black "Isaev, Chingys"]
[Result "1-0"]
[WhiteTitle "FM"]
[WhiteElo "2315"]
[BlackElo "1957"]
[WhiteFideId "14928752"]
[BlackFideId "13801660"]
[EventDate "2014.09.20"]

1. d4 d5 2. Nf3 Nf6 3. e3 e6 4. Bd3 Nbd7 5. b3 Be7 6. Bb2 O-O 7. Nbd2 b6 8. c4
c5 9. Qc2 h6 10. O-O Bb7 11. Ne5 Rc8 12. Rad1 Qc7 13. Qb1 cxd4 14. exd4 dxc4 15.
Nxd7 Qxd7 16. bxc4 Rfd8 17. Rfe1 Qc7 18. Nf1 Qf4 19. Ng3 h5 20. h3 Qc7 21. Re5
Bd6 22. Rg5 Bf4 23. h4 Bxg5 24. hxg5 Ng4 25. Rf1 Qf4 26. f3 Qxg3 27. fxg4 Qxg4
28. Rf2 h4 29. Qe1 h3 1-0

[Event "World Youth Boys U16 2014"]
[Site "Durban RSA"]
[Date "2014.09.27"]
[Round "9.19"]
[White "Mayed, Al-Rashedi"]
[Black "Zayan, Mohamed"]
[Result "1-0"]
[WhiteTitle "FM"]
[BlackTitle "FM"]
[WhiteElo "1859"]
[BlackElo "2125"]
[WhiteFideId "9303871"]
[BlackFideId "10609989"]
[EventDate "2014.09.20"]

1. e4 c5 2. Nf3 Nc6 3. d4 cxd4 4. Nxd4 g6 5. c4 Nf6 6. Nc3 Nxd4 7. Qxd4 d6 8.
Bg5 Bg7 9. Be2 O-O 10. Qd2 Qa5 11. O-O Be6 12. Rac1 Rfc8 13. b3 a6 14. f4 Rc5
15. Qe3 b5 16. f5 Bd7 17. fxg6 hxg6 18. Nd5 Nxd5 19. exd5 Re8 20. Qf2 f5 21. Qg3
Qxa2 22. Rf2 Bd4 23. Be3 Bxe3 24. Qxe3 Qb2 25. b4 Rc7 26. Rc3 Qb1+ 27. Rf1 Qe4
28. Qxe4 fxe4 29. c5 e6 30. Rf6 exd5 31. Rxg6+ Kf7 32. Rxd6 1-0

[Event "World Youth Boys U16 2014"]
[Site "Durban RSA"]
[Date "2014.09.27"]
[Round "9.21"]
[White "Adriaanse, Adam"]
[Black "Valkama, Eero"]
[Result "1/2-1/2"]
[WhiteElo "1922"]
[BlackElo "2073"]
[WhiteFideId "2617838"]
[BlackFideId "507555"]
[EventDate "2014.09.20"]

1. c4 Nf6 2. Nc3 e6 3. e4 c5 4. Nf3 Nc6 5. Be2 d5 6. exd5 exd5 7. d4 cxd4 8.
Nxd4 dxc4 9. Nxc6 Qxd1+ 10. Bxd1 bxc6 11. Bf3 Bb7 12. Be3 Nd5 13. Nxd5 cxd5 14.
O-O-O O-O-O 15. Bxa7 Bd6 16. Rhe1 f6 17. g3 Be5 18. Bg4+ Kc7 19. f4 Bd6 20. Bd4
Rhe8 21. Bf5 Bb4 22. Re6 Rxe6 23. Bxe6 Re8 24. f5 Rd8 25. g4 Bd6 26. h4 h6 27.
Kc2 Be5 28. g5 hxg5 29. hxg5 Kd6 30. gxf6 gxf6 31. b3 cxb3+ 32. axb3 Bc6 33.
Bxe5+ Kxe5 1/2-1/2

[Event "World Youth Boys U16 2014"]
[Site "Durban RSA"]
[Date "2014.09.27"]
[Round "9.22"]
[White "Kolver, Chris"]
[Black "Sinyanskiy, Maxim"]
[Result "1/2-1/2"]
[WhiteElo "1751"]
[BlackElo "2038"]
[WhiteFideId "14307820"]
[BlackFideId "4178068"]
[EventDate "2014.09.20"]

1. d4 Nf6 2. c4 c5 3. d5 e6 4. Nc3 exd5 5. cxd5 d6 6. Nf3 g6 7. g3 Bg7 8. Bg2
O-O 9. O-O Re8 10. Nd2 Nbd7 11. h3 a6 12. a4 b6 13. Nc4 Ne5 14. Nxe5 Rxe5 15. e4
Re8 16. f4 Rb8 17. Re1 Nd7 18. Bf1 f5 19. exf5 gxf5 20. Be3 Nf6 21. Bf2 Ne4 22.
Nxe4 fxe4 23. Qc2 Bf5 24. Be3 Qf6 25. g4 Bg6 26. Bxa6 Qxb2 27. Qxb2 Bxb2 28.
Rab1 Bc3 29. Re2 Re7 30. Bb5 Be8 31. Rb3 Bxb5 32. axb5 Bg7 33. Ra3 c4 34. Rc2
Rc8 35. Ra4 Kf7 36. Kf2 Rec7 37. Bd4 1/2-1/2

[Event "World Youth Boys U16 2014"]
[Site "Durban RSA"]
[Date "2014.09.27"]
[Round "9.23"]
[White "Lien, Kjell Hakon"]
[Black "Conradie, Andre"]
[Result "1-0"]
[WhiteElo "2004"]
[BlackElo "1748"]
[WhiteFideId "1510444"]
[BlackFideId "14304570"]
[EventDate "2014.09.20"]

1. d4 Nf6 2. c4 c5 3. d5 e6 4. Nc3 exd5 5. cxd5 d6 6. e4 g6 7. f4 Bg7 8. e5 Nfd7
9. e6 fxe6 10. dxe6 Nf6 11. Bc4 d5 12. Nxd5 Bxe6 13. Qe2 Kf7 14. Nc7 Qxc7 15.
Qxe6+ Kf8 16. Nf3 Qe7 17. Ng5 h6 18. Qxe7+ Kxe7 19. Nf3 Nc6 20. Nh4 Kd6 21. O-O
Ng4 22. Nxg6 Bd4+ 23. Kh1 Rhe8 24. h3 Nf2+ 25. Kh2 Ne4 26. f5 Ne7 27. Bf4+ Kd7
28. Be6+ Kd8 29. Nxe7 Kxe7 30. Bxh6 Kf6 31. Rae1 Be5+ 32. Bf4 Bxf4+ 33. Rxf4 Ng5
34. Rg4 Nxe6 35. fxe6 Rxe6 36. Rf1+ Ke5 37. Rg5+ Kd6 38. Rd1+ Kc6 39. Rc1 1-0

[Event "World Youth Boys U16 2014"]
[Site "Durban RSA"]
[Date "2014.09.27"]
[Round "9.24"]
[White "Yang, ching Wei, Austin"]
[Black "Sasitharan, Abhiram"]
[Result "1-0"]
[BlackTitle "CM"]
[WhiteElo "1941"]
[BlackElo "1854"]
[WhiteFideId "16300440"]
[BlackFideId "11301155"]
[EventDate "2014.09.20"]

1. e4 c5 2. Nf3 d6 3. c3 Nf6 4. Be2 g6 5. O-O Bg7 6. Bb5+ Bd7 7. Bxd7+ Nbxd7 8.
Re1 O-O 9. d4 cxd4 10. cxd4 Rc8 11. Nc3 Nb6 12. Bg5 Nc4 13. b3 Na3 14. Qd3 b5
15. Nxb5 Nc2 16. Nxa7 Nxe1 17. Nxe1 Ra8 18. Nb5 Qd7 19. a4 Rfc8 20. Bd2 Qe6 21.
f3 Nd7 22. Nc2 Nc5 23. dxc5 Bxa1 24. Nxa1 dxc5 25. Na3 Rd8 26. Qc3 Qd6 27. Nc4
Qd4+ 28. Qxd4 Rxd4 29. Kf2 Rxc4 30. bxc4 Rxa4 31. Nb3 Rxc4 32. Ke2 Rc2 33. Kd3
Rb2 34. Nxc5 Rb1 35. Ke2 Rb2 36. Nd3 Ra2 37. Nb4 Rb2 38. Nd5 e6 39. Nf6+ Kg7 40.
Ng4 h5 41. Nf2 Ra2 42. Ke3 Kh7 43. h4 Ra1 44. Kf4 Ra2 45. Be3 Re2 46. e5 Ra2 47.
g4 hxg4 48. fxg4 Ra4+ 49. Kg5 Ra3 50. Bc5 Ra5 51. Ne4 Kg7 52. h5 gxh5 53. gxh5
Ra1 54. h6+ Kh7 55. Bf8 Rg1+ 56. Kf6 Rf1+ 57. Ke7 Kg6 58. Bg7 Rf5 59. Kf8 Rxe5
60. Bxe5 Kxh6 61. Kxf7 Kh5 62. Nf2 Kg5 63. Kxe6 Kg6 64. Ne4 Kh5 65. Kf5 Kh4 66.
Ng5 Kh5 67. Bg3 Kh6 68. Ne6 Kh5 69. Ng7+ Kh6 70. Kf6 Kh7 71. Kf7 Kh8 72. Bf4 Kh7
73. Ne6 Kh8 74. Bg5 Kh7 75. Nf8+ Kh8 76. Bf6# 1-0

[Event "World Youth Boys U16 2014"]
[Site "Durban RSA"]
[Date "2014.09.27"]
[Round "9.25"]
[White "Maguire, Tom"]
[Black "Cortes Orihuela, Javier"]
[Result "0-1"]
[BlackTitle "FM"]
[WhiteElo "1810"]
[BlackElo "2216"]
[WhiteFideId "3221385"]
[BlackFideId "3414329"]
[EventDate "2014.09.20"]

1. d4 Nf6 2. Nf3 g6 3. c4 Bg7 4. Nc3 d5 5. h4 h5 6. Bf4 O-O 7. e3 c5 8. Qb3 cxd4
9. Nxd4 dxc4 10. Bxc4 Nc6 11. Nxc6 bxc6 12. O-O Qa5 13. e4 Nd7 14. Bg5 Rb8 15.
Qc2 Qb4 16. Bb3 Ba6 17. Rfd1 Ne5 18. Na4 Bc4 19. Bxc4 Nxc4 20. Bxe7 Qxe7 21.
Qxc4 Qxh4 22. g3 Qg4 23. Rac1 Bxb2 24. Nxb2 Rxb2 25. Rd6 h4 26. Qd4 Re2 27. e5
Re4 28. Qd3 hxg3 29. Qxg3 Qf5 30. Rf6 Qxe5 31. Qxe5 Rxe5 32. Rfxc6 Ra5 33. R1c2
Rb8 34. Rc8+ Rxc8 35. Rxc8+ Kg7 36. Rc2 Kf6 37. Kg2 Ra3 38. Re2 Kg5 39. f3 f5
40. Rb2 Kf4 41. Kf2 Rxf3+ 42. Kg2 Ra3 43. Kf2 Kg4 44. Kg2 f4 45. Kf2 Rh3 46. Kg2
f3+ 47. Kg1 Kg3 48. Rb3 Rh4 49. Ra3 Re4 0-1

[Event "World Youth Boys U16 2014"]
[Site "Durban RSA"]
[Date "2014.09.27"]
[Round "9.26"]
[White "Lenaerts, Lennert"]
[Black "Berman, Jacob"]
[Result "0-1"]
[WhiteElo "2329"]
[BlackElo "1837"]
[WhiteFideId "211435"]
[BlackFideId "2071010"]
[EventDate "2014.09.20"]

1. d4 e6 2. c4 d5 3. Nc3 Nf6 4. cxd5 Nxd5 5. e4 Nxc3 6. bxc3 c5 7. Rb1 cxd4 8.
cxd4 Nc6 9. Bb5 a6 10. Bxc6+ bxc6 11. Nf3 c5 12. O-O Be7 13. Bb2 O-O 14. Qe2 Bd7
15. Rfd1 Bb5 16. Qe3 cxd4 17. Nxd4 Qb6 18. Qg3 f6 19. Qb3 Bc5 20. Nxe6 Bxf2+ 21.
Kh1 Rf7 22. Bc3 Rb8 23. a4 Bd7 24. Qa2 Qa7 25. Rxb8+ Qxb8 26. Ng5 fxg5 27. Rxd7
Qe8 28. Rb7 Bc5 29. Qd5 Be7 30. Ra7 Kh8 31. Bd4 Qg8 32. Bg1 h6 33. Qe6 Qf8 34.
Rc7 Kh7 35. Rc8 Rf6 36. Qd7 Qf7 37. Qd3 Rd6 38. Qc2 Qg6 39. Qe2 Rc6 40. Ra8 Bb4
41. h3 Re6 42. Qc4 a5 43. Qc8 Qxe4 44. Qg8+ Kg6 45. Ra7 Bc3 46. Qc8 Rc6 47. Qb7
Rc4 48. Qf7+ Kh7 49. Re7 Qf4 50. Qe8 Rxa4 51. Rf7 Qe4 52. Re7 Qf4 53. Rf7 Re4
54. Qd7 Qe5 55. Rf8 Bb4 56. Ra8 Re1 57. Qd3+ Qe4 58. Qb3 Qxa8 0-1

[Event "World Youth Boys U16 2014"]
[Site "Durban RSA"]
[Date "2014.09.27"]
[Round "9.28"]
[White "Subramaniam, Shreyes"]
[Black "Taylor, Adam C"]
[Result "0-1"]
[WhiteElo "1813"]
[BlackElo "2023"]
[WhiteFideId "5707153"]
[BlackFideId "424668"]
[EventDate "2014.09.20"]

1. e4 e5 2. Nf3 Nc6 3. Bb5 Nf6 4. O-O Nxe4 5. d4 Nd6 6. Bxc6 dxc6 7. dxe5 Nf5 8.
Qxd8+ Kxd8 9. h3 Be6 10. b3 h6 11. g4 Ne7 12. c4 h5 13. Ng5 hxg4 14. Nxe6+ fxe6
15. hxg4 Ng6 16. Re1 Ke8 17. Bg5 Be7 18. Bxe7 Kxe7 19. Nd2 Rh4 20. f3 Rah8 21.
Nf1 Rh3 22. Kf2 Nh4 23. Re3 Rg8 24. Nd2 g5 25. Rc3 Rh2+ 26. Ke3 Ng2+ 27. Kd3
Rd8+ 28. Kc2 Ne1+ 29. Rxe1 Rdxd2+ 30. Kb1 Rb2+ 31. Ka1 Rxa2+ 32. Kb1 Rhb2+ 33.
Kc1 Ra1+ 34. Kxb2 Rxe1 35. Rc2 Rxe5 36. Rh2 Kd6 37. Rh5 Re2+ 38. Kc3 Re3+ 39.
Kd4 Rxb3 40. c5+ Ke7 41. Rxg5 Rxf3 42. Rg7+ Rf7 43. Rg6 b5 44. Ke5 Kd7 45. g5
Rf5+ 46. Kd4 Rd5+ 47. Ke4 Rxc5 48. Rg7+ Kd6 49. g6 Rg5 50. Rg8 Rg4+ 51. Ke3 Kc5
52. g7 e5 53. Re8 Rxg7 54. Rxe5+ Kc4 0-1

[Event "World Youth Boys U16 2014"]
[Site "Durban RSA"]
[Date "2014.09.27"]
[Round "9.29"]
[White "Nassr, Ahmed"]
[Black "Essop, Hishaam"]
[Result "1/2-1/2"]
[WhiteElo "1965"]
[BlackElo "1752"]
[WhiteFideId "7904860"]
[BlackFideId "14306549"]
[EventDate "2014.09.20"]

1. d4 Nf6 2. Nf3 g6 3. Nc3 Bg7 4. e4 d6 5. Be3 Nbd7 6. h3 O-O 7. Bc4 e5 8. dxe5
dxe5 9. O-O Qe7 10. Qe2 c6 11. a4 a5 12. Rfd1 Nc5 13. Ng5 Qc7 14. Qd3 b6 15.
Rab1 Ba6 16. Na2 Nh5 17. Bxa6 Rxa6 18. Nc3 1/2-1/2

[Event "World Youth Boys U16 2014"]
[Site "Durban RSA"]
[Date "2014.09.27"]
[Round "9.30"]
[White "Goncalves, Ruan Lucas Alves"]
[Black "Tshabalala, Ernest"]
[Result "0-1"]
[WhiteElo "1960"]
[BlackElo "1827"]
[WhiteFideId "2148030"]
[BlackFideId "14318466"]
[EventDate "2014.09.20"]

1. e4 c5 2. Nf3 d6 3. d4 cxd4 4. Nxd4 Nf6 5. Nc3 e6 6. Bc4 Be7 7. O-O O-O 8. Bb3
Nc6 9. Kh1 a6 10. f4 Qc7 11. Be3 b5 12. a3 Bb7 13. Qf3 Rad8 14. Qg3 Kh8 15. Rae1
d5 16. e5 Nd7 17. Qg4 Nxd4 18. Bxd4 Bc5 19. Ne2 g6 20. Rf3 Rg8 21. Rh3 Rde8 22.
c3 Bxd4 23. Nxd4 Rg7 24. Ree3 Qd8 25. Bc2 Qe7 26. Rh6 Reg8 27. Reh3 Nf8 28. R3h4
f5 29. exf6 Qxf6 30. Nf3 Bc6 31. Ne5 Be8 32. Qg3 Qe7 33. Ng4 0-1

[Event "World Youth Boys U16 2014"]
[Site "Durban RSA"]
[Date "2014.09.27"]
[Round "9.31"]
[White "Whatley, Stephen A J"]
[Black "Modi, Sachin"]
[Result "1-0"]
[BlackTitle "CM"]
[WhiteElo "1881"]
[BlackElo "1676"]
[WhiteFideId "420441"]
[BlackFideId "14304589"]
[EventDate "2014.09.20"]

1. e4 c5 2. Nf3 Nc6 3. d4 cxd4 4. Nxd4 g6 5. Nc3 Bg7 6. Be3 Nf6 7. Nxc6 bxc6 8.
e5 Ng8 9. f4 d6 10. Qf3 Bd7 11. O-O-O d5 12. Bd4 e6 13. g4 f6 14. h4 fxe5 15.
fxe5 Nh6 16. Bd3 Nf7 17. Rdf1 O-O 18. Qg3 Qe7 19. Na4 Qb4 20. Nc5 Qxd4 21. Nxd7
Bxe5 22. c3 Qxc3+ 23. bxc3 Bxg3 24. Nxf8 Rxf8 25. h5 g5 26. Rf6 Re8 27. Bxh7+
Kg7 28. Rxf7+ Kxf7 29. Bg6+ Ke7 30. Bxe8 Kxe8 31. h6 Be5 32. Re1 Bf4+ 33. Kc2
Kf7 34. h7 Kg7 35. Rxe6 Kxh7 36. Rxc6 Kg7 37. Rc5 d4 38. cxd4 Kf6 39. Rf5+ Ke6
40. Kd3 Kd6 41. Rxf4 1-0

[Event "World Youth Boys U16 2014"]
[Site "Durban RSA"]
[Date "2014.09.27"]
[Round "9.34"]
[White "Roos, Lucas"]
[Black "Tuomainen, Felix"]
[Result "0-1"]
[WhiteElo "1684"]
[BlackElo "2042"]
[WhiteFideId "14308673"]
[BlackFideId "1720813"]
[EventDate "2014.09.20"]

1. e4 c6 2. d4 d5 3. exd5 cxd5 4. Bd3 Nc6 5. c3 Nf6 6. Bf4 g6 7. Nd2 Bg7 8. Ngf3
O-O 9. O-O Nh5 10. Be3 Qb6 11. b4 e5 12. dxe5 Nxe5 13. Bc5 Qc7 14. Nxe5 Bxe5 15.
Bxf8 Kxf8 16. Rc1 Bxh2+ 17. Kh1 Be5 18. Nb3 Qe7 19. g3 Qf6 20. Qe1 Qf3+ 21. Kh2
Nf4 0-1

[Event "World Youth Boys U16 2014"]
[Site "Durban RSA"]
[Date "2014.09.27"]
[Round "9.36"]
[White "Satre, Mathias"]
[Black "Ndlovu, Bhekile"]
[Result "0-1"]
[WhiteElo "1795"]
[BlackElo "1567"]
[WhiteFideId "1513648"]
[BlackFideId "11001518"]
[EventDate "2014.09.20"]

1. c4 Nf6 2. g3 e5 3. Bg2 Bc5 4. Nc3 O-O 5. e3 Nc6 6. Nge2 d6 7. a3 a5 8. O-O
Bf5 9. d4 Bb6 10. h3 Qc8 11. Kh2 Ne7 12. e4 Be6 13. d5 Bd7 14. Qd3 Ng6 15. Be3
Bxe3 16. Qxe3 h5 17. Qg5 Kh7 18. f4 Rh8 19. fxe5 dxe5 20. Nc1 h4 21. g4 Kg8 22.
Nd3 Nh7 23. Qe3 f6 24. c5 Ng5 25. Qe2 Ra6 26. b4 axb4 27. axb4 Qa8 28. Qb2 c6
29. Rfd1 Kh7 30. Bf1 Nf3+ 31. Kg2 Nd4 32. Rxa6 bxa6 33. Na4 cxd5 34. Nb6 Qc6 35.
exd5 Qc7 36. Nxd7 Qxd7 37. Qa2 Ne7 38. Nf2 Nxd5 39. Bd3+ g6 40. Kf1 Ne3+ 41. Ke1
Nxd1 42. Nxd1 Nf3+ 43. Ke2 Ng1+ 44. Kf2 Nxh3+ 45. Ke1 Qxd3 46. Qf7+ Kh6 47. Qxf6
Qg3+ 48. Ke2 Qxg4+ 49. Ke1 Qg3+ 50. Ke2 Ng1+ 0-1

[Event "World Youth Boys U16 2014"]
[Site "Durban RSA"]
[Date "2014.09.28"]
[Round "10.2"]
[White "Bellahcene, Bilel"]
[Black "Karthikeyan, Murali"]
[Result "1/2-1/2"]
[WhiteTitle "FM"]
[BlackTitle "IM"]
[WhiteElo "2428"]
[BlackElo "2462"]
[WhiteFideId "696358"]
[BlackFideId "5074452"]
[EventDate "2014.09.20"]

1. e4 g6 2. d4 Bg7 3. Nc3 d6 4. f4 Nf6 5. a3 O-O 6. Nf3 Bg4 7. Be3 Nfd7 8. h3
Bxf3 9. Qxf3 c5 10. dxc5 Nxc5 11. e5 Nbd7 12. Rd1 Rc8 13. Bb5 a6 14. Bxd7 Nxd7
15. O-O Rc6 16. exd6 exd6 17. f5 Ne5 18. Qg3 Nc4 19. Bg5 Be5 20. Qg4 Qb6+ 21.
Kh1 Bxc3 22. bxc3 Ne3 23. Bxe3 Qxe3 24. Rde1 Qxc3 25. Re7 Qf6 26. Rxb7 Rxc2 27.
Rb6 Rfc8 28. Qf4 R2c6 29. Rxc6 Rxc6 30. fxg6 Qxf4 31. gxh7+ Kxh7 32. Rxf4 Kg6
33. g4 Rc3 34. Kg2 Rxa3 35. Rd4 a5 36. Rxd6+ Kg7 37. Ra6 1/2-1/2

[Event "World Youth Boys U16 2014"]
[Site "Durban RSA"]
[Date "2014.09.28"]
[Round "10.3"]
[White "Van Foreest, Jorden"]
[Black "Aravindh, Chithambaram VR."]
[Result "0-1"]
[WhiteTitle "FM"]
[BlackTitle "IM"]
[WhiteElo "2457"]
[BlackElo "2496"]
[WhiteFideId "1039784"]
[BlackFideId "5072786"]
[EventDate "2014.09.20"]

1. e4 c5 2. Nf3 Nc6 3. d4 cxd4 4. Nxd4 Nf6 5. Nc3 e5 6. Ndb5 d6 7. Bg5 a6 8. Na3
Be6 9. Nc4 Rc8 10. Nd5 Bxd5 11. Bxf6 Qxf6 12. Qxd5 Be7 13. c3 O-O 14. Be2 Qg6
15. O-O Nd8 16. Ne3 Rc5 17. Qd3 Ne6 18. Nf5 Rc7 19. Rfd1 Rd8 20. Bf1 Bf8 21. g3
Nf4 22. Qf3 Rcd7 23. Ne3 Ne6 24. h4 Nc5 25. Bh3 Qxe4 26. Qxe4 Nxe4 27. Bxd7 Rxd7
28. c4 Nc5 29. b4 Ne6 30. Nd5 Rd8 31. a4 f5 32. a5 Nd4 33. b5 Rc8 34. Rdb1 Rxc4
35. bxa6 bxa6 36. Rb6 Rc5 37. Ne3 f4 38. gxf4 exf4 39. Ng2 f3 40. Ne3 Rh5 41.
Kh2 Rxh4+ 42. Kg3 g5 43. Rd1 Rf4 44. Rxd4 Rxd4 45. Rxa6 Kf7 46. Ra8 h5 47. Kxf3
Bh6 48. Kg2 Ra4 49. a6 Bg7 50. a7 Bd4 51. Nf5 Bc5 52. Nxd6+ Bxd6 53. Rh8 Bf8 54.
Rxh5 Kg6 55. Rh8 Kg7 56. Rh5 Be7 57. f4 gxf4 58. Kf3 Kg6 59. Rh8 Rxa7 60. Kxf4
Ra4+ 61. Ke3 Kf5 62. Rh5+ Ke6 63. Rb5 Bf6 64. Kd3 Ra3+ 65. Ke4 Ra4+ 66. Kd3 Be5
67. Rb6+ Kf5 68. Rb3 Kf4 69. Rb7 Rd4+ 70. Kc2 Rc4+ 71. Kb3 Rc1 72. Rb4+ Ke3 73.
Ka4 Bd4 74. Kb5 Ke4 75. Rc4 Rb1+ 76. Rb4 Rh1 77. Kc4 Rc1+ 78. Kb5 Kd5 79. Rb3
Rc8 80. Ka4 Bc3 81. Rb5+ Kc4 82. Rb4+ Kd3 83. Rb7 Rc5 84. Rb5 Rc7 85. Kb3 Bd4
86. Rb8 Rc1 87. Rb5 Ra1 88. Rb4 Bc3 89. Rb5 Kd4 90. Rh5 Rb1+ 91. Kc2 Rb2+ 92.
Kd1 Kc4 93. Rh3 Rd2+ 94. Kc1 Kb3 95. Rg3 Re2 96. Rg1 Ra2 0-1